Study on policy framework of land consolidation in cambodia, សិក្សាពីក្របខណ្ឌគោលនយោបាយក្នុងការពង្រីបង្រួមក្បាលដីនៅកម្ពុជា (Record no. 7456)
[ view plain ]
| 000 -LEADER | |
|---|---|
| fixed length control field | 00591nam a22001457a 4500 |
| 003 - CONTROL NUMBER IDENTIFIER | |
| control field | OSt |
| 005 - DATE AND TIME OF LATEST TRANSACTION | |
| control field | 20160310091028.0 |
| 008 - FIXED-LENGTH DATA ELEMENTS--GENERAL INFORMATION | |
| fixed length control field | 160310b xxu||||| |||| 00| 0 eng d |
| 040 ## - CATALOGING SOURCE | |
| Transcribing agency | RUA |
| 082 ## - DEWEY DECIMAL CLASSIFICATION NUMBER | |
| Classification number | LMA PY 2014 B467 Or.1 |
| 100 ## - MAIN ENTRY--PERSONAL NAME | |
| 9 (RLIN) | 7860 |
| Personal name | PY HOKLENG; ពី ហុកឡេង |
| 245 ## - TITLE STATEMENT | |
| Title | Study on policy framework of land consolidation in cambodia, សិក្សាពីក្របខណ្ឌគោលនយោបាយក្នុងការពង្រីបង្រួមក្បាលដីនៅកម្ពុជា |
| 300 ## - PHYSICAL DESCRIPTION | |
| Extent | ix,34p. |
| Other physical details | ill. |
| Dimensions | 29cm. |
| 942 ## - ADDED ENTRY ELEMENTS (KOHA) | |
| Source of classification or shelving scheme | |
| Koha item type | LMA |
| Price effective from | Date last seen | Permanent Location | Not for loan | Date acquired | Source of classification or shelving scheme | Koha item type | Lost status | Withdrawn status | Total Renewals | Date last checked out | Total Checkouts | Shelving location | Damaged status | Barcode | Checked out | Current Location | Full call number |
|---|---|---|---|---|---|---|---|---|---|---|---|---|---|---|---|---|---|
| 2016-03-10 | 2016-03-10 | Library Block B | 2016-03-10 | LMA | B467 | RUA056148 | Library Block B | LMA PY 2014 B467 Or.1 | |||||||||
| 2016-03-10 | 2016-03-10 | Library Block B | 2016-03-10 | LMA | B467 | RUA055929 | Library Block B | LMA PY 2014 B467 Or.2 | |||||||||
| 2016-03-10 | 2023-04-24 | Library Block B | 2016-03-10 | LMA | 2023-03-24 | 1 | B467 | RUA055996 | Library Block B | LMA PY 2014 B467 Or.3 | |||||||
| 2016-03-10 | 2016-03-10 | Library Block B | 2016-03-10 | LMA | B467 | RUA056114 | Library Block B | LMA PY 2014 B467 Or.4 | |||||||||
| 2016-03-10 | 2016-03-10 | Library Block B | 2016-03-10 | LMA | B467 | RUA056053 | Library Block B | LMA PY 2014 B467 Or.5 | |||||||||
| 2016-03-10 | 2016-03-10 | Library Block B | 2016-03-10 | LMA | B467 | RUA056054 | Library Block B | LMA PY 2014 B467 Or.6 | |||||||||
| 2016-03-10 | 2024-01-23 | Library Block B | 2016-03-10 | LMA | 2024-01-08 | 1 | B467 | RUA055935 | Library Block B | LMA PY 2014 B467 Or.7 | |||||||
| 2016-03-10 | 2019-08-09 | Library Block B | 2016-03-10 | LMA | 3 | 2019-08-09 | 4 | B467 | RUA056110 | 2019-08-27 | Library Block B | LMA PY 2014 B467 Or.8 |